00396nam a2200157Ia 4500003000400000005001700004008004100021040000700062041000800069082001300077100001700090245008000107260002000187650001200207700001900219OSt20260209145118.0250729s1992 xx 000 0 und d cAL aeng a425 PRAH aPrabhu Ethel aA handbook of essays and grammer for english paper II of standards VII,IX,X aMangalorec1992 aEnglish aPro Digumurthi